Diseño de un prototipo de una Estación Agrometeorológica Automática (EAA) con adquisición de imágenes satelitales, y publicación de datos en página web
Presenta el diseño de una estación agrometeorológica automática con adquisición de imágenes satelitales y publicación de página web. Este prototipo está orientado para el uso en el sector agrícola permitiendo la medición de la temperatura, humedad, presión, velocidad y dirección del vie...
| Main Author: | |
|---|---|
| Other Authors: | |
| Format: | Tesis Section = Libro |
| Language: | Undetermined Spanish |
| Published: |
Managua
UNI
2016
|
| Subjects: |
| LEADER | 01373nam a2200289Ia 4500 | ||
|---|---|---|---|
| 008 | 240830s9999 xx 000 0 und d | ||
| 040 | |a BIBLIOTECA-RUSB/ Mon 621.384156 O12 | ||
| 041 | |a spa | ||
| 082 | |a Mon 621.384156 O12 | ||
| 100 | 1 | |a Obando Buitrago, Marcelo Antonio | |
| 245 | 1 | 0 | |a Diseño de un prototipo de una Estación Agrometeorológica Automática (EAA) con adquisición de imágenes satelitales, y publicación de datos en página web |
| 260 | |a Managua |b UNI |c 2016 | ||
| 300 | |a 115 p. :il. | ||
| 500 | |a Contiene: anexos e Incluye: CD. | ||
| 502 | |a Tesis (Ingeniero Electrónico) - UNI, 2016. | ||
| 520 | 3 | |a Presenta el diseño de una estación agrometeorológica automática con adquisición de imágenes satelitales y publicación de página web. Este prototipo está orientado para el uso en el sector agrícola permitiendo la medición de la temperatura, humedad, presión, velocidad y dirección del viento, que tienen un uso esencial en todo el ciclo agrícola. | |
| 650 | 7 | |a ESTACION AGROMETEOROLOGICA-AUTOMATICA | |
| 650 | 7 | |b IMAGENES SATELITALES | |
| 650 | 7 | |c ANTENA DOUBLE CRIOSS | |
| 650 | 7 | |d PAGINA WEB | |
| 650 | 7 | |e SISTEMA DE MEDICION | |
| 650 | 7 | |f REDES METEOROLOGICAS | |
| 650 | 7 | |g SISTEMA DE CONTROL-DATOS | |
| 700 | 1 | |a Tutor: |b Gaitán, Alvaro Antonio | |
| 942 | |c BK |2 ddc | ||
| 991 | |a TESIS | ||
| 999 | |c 20304 | ||